000 01381nam a22001577a 4500
041 _aukr
080 _a09
090 _bЛУК
100 _aЛукавська А.В.
245 _aКомпютерний жаргон в сучасній англійській мові
260 _aОстрог
_bКАФ
_c2010
300 _a44
520 _aВСТУП РОЗДІЛ 1 ДИФЕРЕНЦІАЦІЯ СЛЕНГУ ТА ЖАРГОНУ 1.1 Нтимологія та сучасне трактування сленгу та жаргону. 1.2 Термінологічність компютерного жаргону. РОЗДІЛ 2 СПОСОБИ ТВОРЕННЯ ЖАРГОНУ В АНГЛІЙСЬКІЙ МОВІ. 2.1 Змішаний характер компютерної термінології в англійській мові. Інтернаціоналізми. 2.2 Класифікація способів творення компютерного жаргону. 2.2.1 Метафора. 2.2.2 Абревіатури та скорочення. 2.2.3 Словосполучення та словотворення. 2.2.4 Ономатопія. 2.2.5 Запозичення. РОЗДІЛ 3 ПРЕДСТАВЛЕННЯ КОМПЮТЕРНОГО ЖАРГОНУ В СЛОВНИКАХ ВИСНОВКИ
_0Сленг та жаргон
650 _aResearch Papers
999 _c284267
_d284267
942 _cBK